| 000 | 00710nam a2200217Ia 4500 | ||
|---|---|---|---|
| 005 | 20241129110123.0 | ||
| 008 | 241129s9999||||xx |||||||||||||| ||und|| | ||
| 020 | _a978-1-78330-617-6 | ||
| 037 | _aTB | ||
| 040 |
_aARTS _beng _cARTS |
||
| 041 |
_aeng _2eng |
||
| 084 |
_aD65,8(B) R3(2D) _qARTS |
||
| 100 |
_aCarruthers Caroline Au.; Jackson Peter Au. _9727280 |
||
| 245 | 0 |
_aHalo data: understanding and leveraging the value of your data _cCarruthers Caroline Au.; Jackson Peter Au. |
|
| 260 |
_aUK _bFacet Publishing _c2023 |
||
| 300 | _axxi,160p. | ||
| 365 |
_aUKP _b24.99 |
||
| 650 |
_aEngineeringComputer Application _9727281 |
||
| 942 |
_cTB _hD65,8(B) R3(2D) |
||
| 999 |
_c1227378 _d1227378 |
||